000 00498nam a2200169 i 4500
001 147036
003 ES-MaACL
005 20240524062959.0
007 t|
008 070920s1920 sp ||||1| spa d
100 1 _aTurguenev, Ivan Sergueevich,
_d1818-1883
_9133416
245 1 0 _aMito de Nobles /
_cIvan Serguievich Turgueniev ; traducción de G. Portnof.
300 _a276 p. ;
_c17 cm.
700 1 _aPortnof, G.
_993282
852 _aES-MaACL
_jF-2176
999 _c147036
_d147036